00598nam a2200193Ia 4500003000400000005001700004008004100021020001500062040001800077041000800095082002100103100002000124245008300144260004700227300002500274650002500299650003700324650004300361OSt20240629115543.0210716s1961 xx 000 0 und d a0395081343 cAIMIT LIBRARY aeng a374.22 21bROGC aRogers, Carl R. aOn becoming a person : btherapists view of psychotherapy /cBy Carl R Rogers. aU S A ;bHoughton mifflin Company ,c1961. a420P. ;bHBc22.5 cm aHow can i be or help aThe process of becoming a person aThe place of research in psychotherapy